000
00283nam a2200121Ia 4500
008
230917s9999||||xx |||||||||||||| ||und||
040
_e
233398
_a
MAIN
041
_a
English
082
_a
346.086 R259L
100
_a
Reetika
245
0
_a
Law of life insurance in India
942
_c
TH
999
_c
126359
_d
126359